La salud ocupacional: Scriki kanti ni tadre kwin (Registro nro. 3210)
[ vista simple ]
| 000 -CABECERA | |
|---|---|
| campo de control de longitud fija | 00829aam a2200289 4500 |
| 005 - FECHA Y HORA DE ACTUALIZACIÓN | |
| campo de control | 20161121101646.0 |
| 008 - LONGITUD FIJA | |
| campo de control de longitud fija | 150626b xxu||||| |||| 00| 0 spa d |
| 041 ## - IDIOMA | |
| Código de idioma del texto/pista de sonido o título separado | |
| 082 ## - CLASIFICACIÓN DECIMAL DEWEY | |
| Número de clasificación | 620.86 M741c |
| 100 ## - AUTOR PERSONAL | |
| Nombre de persona | Mondol López, Lenin |
| 100 ## - AUTOR PERSONAL | |
| Nombre de persona | Amador Hernández, Gustavo |
| 100 ## - AUTOR PERSONAL | |
| Nombre de persona | Acuña Cascante, Maureen |
| 245 ## - TÍTULO PROPIAMENTE DICHO | |
| Título | La salud ocupacional: Scriki kanti ni tadre kwin |
| 260 ## - PIE DE IMPRENTA | |
| Lugar de publicación, distribución, etc. | Costa Rica |
| Nombre del editor, distribuidor, etc. | OMI |
| Fecha de publicación, distribución, etc. | 2013 |
| 300 ## - DESCRIPCIÓN FÍSICA | |
| Extensión | 44 páginas |
| 650 ## - Materia General | |
| Materia general | SALUD OCUPACIONAL |
| 650 ## - Materia General | |
| Materia general | TRABAJO |
| 650 ## - Materia General | |
| Materia general | AMBIENTE LABORAL |
| 650 ## - Materia General | |
| Materia general | RIESGO |
| 650 ## - Materia General | |
| Materia general | PREVENCIÓN |
| 650 ## - Materia General | |
| Materia general | BUENAS PRÁCTICAS |
| 650 ## - Materia General | |
| Materia general | PLAN DE EMERGENCIA |
| 650 ## - Materia General | |
| Materia general | POBLACIÓN INDÍGENA |
| 650 ## - Materia General | |
| Materia general | NGABE |
| 650 ## - Materia General | |
| Materia general | BUGLE |
| 942 ## - Punto de Acceso Adicional Koha | |
| Tipo de ítem Koha | Libro |
| Estado perdido | Estado dañado | No para préstamo | Biblioteca permanente | Biblioteca actual | Signatura completa | Código de barras | Precio efectivo a partir del | Tipo de ítem |
|---|---|---|---|---|---|---|---|---|
| Departamento de Biblioteca y Documentación Alfonso Chase Brenes | Departamento de Biblioteca y Documentación Alfonso Chase Brenes | 620.86 M741c | 18289 | 25/04/2016 | Libro |